IFM Opac

Bookeeping (Record no. 19681)

MARC details
000 -LEADER
fixed length control field 00265nam a22001217a 4500
082 ## - DEWEY DECIMAL CLASSIFICATION NUMBER
Classification number OS 657.2 ARO
100 ## - MAIN ENTRY--PERSONAL NAME
Personal name ARORA, M. L.
245 ## - TITLE STATEMENT
Title Bookeeping
260 ## - PUBLICATION, DISTRIBUTION, ETC.
Place of publication, distribution, etc. Tanzania
Name of publisher, distributor, etc. RAP
300 ## - PHYSICAL DESCRIPTION
Extent 291p.
Other physical details :ill.;29cm
650 ## - SUBJECT ADDED ENTRY--TOPICAL TERM
Topical term or geographic name entry element The Prelude to Accounting
942 ## - ADDED ENTRY ELEMENTS (KOHA)
Koha item type Books
Holdings
Withdrawn status Lost status Damaged status Not for loan Home library Current library Shelving location Date acquired Total Checkouts Full call number Barcode Date last seen Price effective from Koha item type
        IFM Main Campus Library IFM Main Campus Library Archival Collection 08/13/1992   OS 657.2 ARO 0000015105 08/13/2018 08/13/2018 Books